Practical business research methods

Αποθηκεύτηκε σε:
Λεπτομέρειες βιβλιογραφικής εγγραφής
Κύριος συγγραφέας: Blank, Steven C.
Μορφή: Βιβλίο
Γλώσσα:English
Δημοσίευση: Westport, Conn. : AVI Pub., c1984.
Θέματα:
Ετικέτες: Προσθήκη ετικέτας
Δεν υπάρχουν, Καταχωρήστε ετικέτα πρώτοι!

MARC

LEADER 00000cam a2200000 a 4500
001 1/114938
008 170919s1984####ctu| ||| |||| ||eng||
020 |a 0870554557 
040 |a GR-MyUa  |b gre  |c GR-MyUa  |e AACR2 
041 0 |a eng 
082 7 |a 658.0072   |2 (23) 
100 1 |a Blank, Steven C. 
245 1 0 |a Practical business research methods /   |c Steven C. Blank.  
260 |a Westport, Conn. :   |b AVI Pub.,   |c c1984. 
300 |a xii, 368 σ. ;   |c 23 εκ.  
504 |a Περιλαμβάνει βιβλιογραφικές παραπομπές και ευρετήριο.  
650 0 |a Management  |x Research. 
852 |a INST  |b SYROS  |e 20170919  |h 658.0072 BLA  |p 005500013167  |q 005500013167  |t BK  |y 0 
970 |a Κοντού  |b Παρασκευή  |z 19/09/2017